Preparación y empleo del hormigón

Bibliographic Details
Main Authors: Whitten, Jeffrey L., Bentley, Lonnie D.
Format: Section = Libro
Language:Undetermined
Spanish
Published: México México 2008
Edition:7a.ed
Subjects:
LEADER 00561nam a2200217Ia 4500
008 240830s9999 xx 000 0 und d
020 |a 970-10-6614-6 
040 |a B-ESTELÍ- RUACS / 691.3 M277 
041 |a spa 
082 |a 691.3 M277 
100 1 |a Whitten, Jeffrey L. 
100 1 |b  Bentley, Lonnie D. 
245 1 0 |a Preparación y empleo del hormigón 
250 |a 7a.ed 
260 |a México  |b México  |c 2008 
300 |a 569 p:il 
650 7 |a SISTEMAS 
650 7 |b  ANÁLISIS Y DISEÑO DE SISTEMAS 
942 |c BK  |2 ddc 
991 |a TEXTO 
999 |c 11590